North or South - Cities of the World - Statistics

General Stats
  • This quiz has been taken 31 times
    28 since last reset
  • The average score is 13 of 15
Answer Stats
Question Answer % Correct
Melbourne South
100%
Rio de Janeiro South
96%
Johannesburg South
96%
Auckland South
96%
Murmansk North
93%
Poznan North
93%
Milan North
89%
Wolverhampton North
89%
Calais North
86%
Fort Worth North
86%
Luanda South
86%
Jakarta South
82%
Sacramento North
79%
Gaziantep North
79%
Port Elizabeth South
79%
No matching quizzes found
Score Distribution
Percent of People with Each Score
Percentile by Number Answered
Your Score History
You have not taken this quiz since the last reset